| 000 | 003430000a22001210004500 | ||
|---|---|---|---|
| 090 |
_aAS _bSeriadas |
||
| 245 | 1 | 0 | _aAnotaciones sobre lagartos del género Phenacosaurus |
| 041 | 0 | _aEspañol | |
| 700 | 1 |
_aOsorno Mesa, Ernesto _999162 |
|
| 100 | 1 |
_aOsorno Mesa, Hernando _999351 |
|
| 942 | _cARTICULO | ||
| 773 | 1 |
_tCaldasia _345 _h17 _q123-130 _d1946 _g4 |
|
| 999 |
_c14766 _d14766 |
||